|
|
|
|
| LEADER |
00000naa2a2200000 4500 |
| 001 |
605017 |
| 005 |
20260220112216.0 |
| 035 |
|
|
|a (RuTPU)RU\TPU\conf\2302
|
| 035 |
|
|
|a RU\TPU\conf\2301
|
| 090 |
|
|
|a 605017
|
| 100 |
|
|
|a 20140328d2013 k y0rusy50 ca
|
| 101 |
0 |
|
|a rus
|
| 102 |
|
|
|a RU
|
| 135 |
|
|
|a drnn ---uucaa
|
| 181 |
|
0 |
|a i
|
| 182 |
|
0 |
|a b
|
| 200 |
1 |
|
|a Особенности функционального типа речи «сообщение» в текстах научно-технического стиля американского варианта английского языка
|f Н. Н. Зяблова
|
| 203 |
|
|
|a Текст
|c электронный
|
| 215 |
|
|
|a 1 файл (344 Кб)
|
| 300 |
|
|
|a Заглавие с титульного листа.
|
| 320 |
|
|
|a [Библиогр.: с. 106 (7 назв.)]
|
| 337 |
|
|
|a Adobe Reader
|
| 463 |
|
1 |
|0 (RuTPU)RU\TPU\conf\41
|t Современные направления анализа и интерпретации инокультурных текстов
|o сборник научных трудов III Всероссийской школы-семинара, г. Томск, 3-5 апреля 2013 г.
|f Национальный исследовательский Томский политехнический университет (ТПУ) ; под ред. Ю. В. Кобенко и др.
|v [С. 104-106]
|d 2013
|
| 610 |
1 |
|
|a труды учёных ТПУ
|
| 610 |
1 |
|
|a электронный ресурс
|
| 610 |
1 |
|
|a научно-технический стиль
|
| 610 |
1 |
|
|a речевая деятельность
|
| 610 |
1 |
|
|a функциональные стили
|
| 610 |
1 |
|
|a английский язык
|
| 610 |
1 |
|
|a стилистика
|
| 700 |
|
1 |
|a Зяблова
|b Н. Н.
|c лингвист
|c доцент Томского политехнического университета, кандидат филологических наук
|f 1976-
|g Наталия Николаевна
|3 (RuTPU)RU\TPU\pers\32081
|9 16120
|
| 712 |
0 |
2 |
|a Национальный исследовательский Томский политехнический университет (ТПУ)
|b Физико-технический институт (ФТИ)
|b Кафедра иностранных языков физико-технического института (ИЯФТ)
|3 (RuTPU)RU\TPU\col\18736
|
| 801 |
|
2 |
|a RU
|b 63413507
|c 20140328
|g RCR
|
| 856 |
4 |
|
|u http://www.lib.tpu.ru/fulltext/c/2013/C37/018.pdf
|
| 942 |
|
|
|c CF
|